000 00611nam a2200229Ia 4500
003 OSt
005 20220923230719.0
006 a|||||r|||| 00| 0
007 ta
008 Pun
020 _c5
024 _a305,007
037 _cTextual
040 _aARTS
_cARTS
_bPun
041 _2Pun
_aPun
082 _aU8.236'N7, 153M1
100 _aਬਾਵਾ, ਮਨਮੋਹਨ ਸਿੰਘ
245 0 _aਆਓ ਚਲੀਏ ਬਰਫਾਂ ਦੇ ਪਾਰ
260 _c1981
942 _hU8.236'N7, 153M1
_cTEXL
_2CC
999 _c386810
_d386810